00458nam a2200157Ia 4500008004100000020001800041082001600059100002200075245002900097250000800126260004100134300002900175500001900204600002700223650005000250240925s9999 xx 000 0 und d a9788131502006 a004.165 AYA aAyala, Kemeth J. 4aThe 8051 Microcontroller a3rd aNew Delhi:bCengage Learningc,2005. axviii,749p.b0fOriginal aIncludes Index aEngineering Technology aComputer science, information & general works